Welcome to the Holygrace Academy Library

Please use search bar below to get started

YADHARTHA VIJAYATHILEKULLA VAZHIKAL (Record no. 1178)

MARC details
000 -LEADER
fixed length control field 00378nam a22001457a 4500
020 ## - INTERNATIONAL STANDARD BOOK NUMBER
ISBN 978-81-8265-585-0
082 ## - DEWEY DECIMAL CLASSIFICATION NUMBER
Classification number 894.812
Item number VAR/Y
100 ## - MAIN ENTRY--AUTHOR NAME
Personal name PROF.P.A.VARGHESE
245 ## - TITLE STATEMENT
Title YADHARTHA VIJAYATHILEKULLA VAZHIKAL
250 ## - EDITION STATEMENT
Edition statement SECOND EDITION
260 ## - PUBLICATION, DISTRIBUTION, ETC. (IMPRINT)
Place of publication KOZHIKODE
Name of publisher MATHRUBHUMI PRINTING & PUBLISHING
Year of publication 2013
300 ## - PHYSICAL DESCRIPTION
Number of Pages 124
650 ## - SUBJECT ADDED ENTRY--TOPICAL TERM
Topical Term MOTIVATIONAL
Geographic subdivision KERALA
942 ## - ADDED ENTRY ELEMENTS (KOHA)
Koha item type Books
Holdings
Withdrawn status Lost status Collection code Home library Current library Shelving location Date acquired Source of acquisition Cost, normal purchase price Full call number Accession Number Koha item type
    Reference Main Library Main Library SHELF-6E-- MALAYALAM PSYCHOLOGICAL &MOTIVATIONAL BOOKS 03/12/2013 purchase 85.00 894.812 VAR/Y 07575 Books